| 000 | 007080000a22001810004500 | ||
|---|---|---|---|
| 003 | MACL | ||
| 005 | 20160227133428.0 | ||
| 008 | 160227b xxu||||| |||| 00| 0 eng d | ||
| 040 |
_aMACL _cMACL |
||
| 041 | _aHindi | ||
| 082 | _a800 | ||
| 100 |
_aश्रीमती हेमवती शर्मा _940921 |
||
| 245 | _aनरोत्तमदास और प्रेमानन्द के सुदामाचत्रित काव्यों का तुलनात्मक अध्ययन | ||
| 260 |
_bकन्दर्प प्रकाशन _c1982 _aनई दिल्ली |
||
| 350 | _a25 | ||
| 650 |
_aLiteracture _939932 |
||
| 942 |
_cHIN _k800 _2ddc |
||
| 999 |
_c28032 _d28032 |
||